000 00456nam a22001217a 4500
999 _c21427
_d21427
008 240910b ||||| |||| 00| 0 eng d
100 _aNicolas, Autelia T.
_eauthor.
_960471
245 _aPointers to enhance your writing skills /
_cAutelia T. Nicolas.
260 _aPhilippines;
_bPublishers Association of the Philippines, Inc.,
_cSeptember 2019.
300 _aVolume 168, pages 143.
700 _aNicolas, Autelia T.
_eauthor.
_960471
942 _2ddc
_cPER